000 01302nam0a2200325 4500
001 RU\NLR\ONL2\18204
005 20250810064525.0
035 _a(NLR Aleph) 009665789
090 _a13289354
_c13289354
100 _a20100607d1945 u y0rusy50 ca
101 0 _aaze
102 _aAZ
105 _ay |||||||||
200 1 _a"Коммунист" гәзетинин 25 иллиjи hаггында
_e(1944-ҹү ил. августун 29-да "Коммунист" гәзетинин 25 иллиjинә hәср едилмиш тәнтәнәли jыгынҹагдаки мә'рузә)
_fР. И. Гулиjев
210 _aБакы
_cАзәрнәшр
_d1945
215 _a38 с.
_d19
541 1 _6z01790
_a25-летие газеты "Коммунист"
_zrus
601 0 2 _a"Коммунист", газета
_cБаку
_91352101
_3RU\NLR\auth\66250158
686 1 _aЧ612.3(2Аз)
700 1 _aГулиjев
_bР. И.
_gРза Иса оғлу
_4070
790 1 _6z01541
_aКулиев
_bР. И.
_gРза Иса оглы
_4070
801 0 _aRU
_bNLR
_c20100814
_gPSBO
852 _aNLR
_bОНЛ
_jАзерб./2-3618
942 _cBOOK
945 _aРоссийская национальная библиотека
980 _aBV
980 _aONL_RF
980 _aNB